| 000 | 01020cam a2200301 i 4500 | ||
|---|---|---|---|
| 001 | 16791 | ||
| 003 | Mx-PuUPA | ||
| 005 | 20250807110406.0 | ||
| 008 | 140415s2002 mx a gr 001 0 spa d | ||
| 020 | _a9706862374 | ||
| 040 |
_aMx-PuUPA _bspa _cMx-PuUPA _dMx-PuUPA _erda |
||
| 041 | 0 | _aspa | |
| 100 | 1 |
_aSantillana González, Juan Ramón, _99039 _eautor |
|
| 245 | 1 | 0 |
_aContabilidad y auditoría gubernamental / _cJuan Ramón Santillana González |
| 250 | _aSegunda edición | ||
| 264 | 1 |
_aMéxico, D.F. : _bInternacional Thomson Editores, _c©2002 |
|
| 300 |
_a436 páginas : _btablas ; _c23 cm |
||
| 336 |
_2rdacontent _atexto _btxt |
||
| 337 |
_2rdamedia _asin medio _bn |
||
| 338 |
_2rdacarrier _avolumen _bnc |
||
| 650 | 7 |
_2armarc _aContabilidad |
|
| 650 | 7 |
_2armarc _aAuditoría |
|
| 650 | 7 |
_2armarc _aEstados financieros |
|
| 942 |
_2ddc _cLI _h657.835 _iS54 |
||
| 999 |
_c16791 _d16791 |
||